000 00409nam a2200169Ia 4500
005 20250423094327.0
008 250422s9999 xx 000 0 und d
020 _a9780230998
050 _aKP 68 .Y2/
245 0 _aAdministration of justice in Nigeria
260 _aLagos
260 _bMolthouse Press
260 _c2000
300 _a250 p
650 _aJustice, Administration- Nigeria
942 _cBK
999 _c26918
_d26918